Statistics for Most Isolated 1M Cities in the World

Click here to take the quiz!

General Stats

  • This quiz has been taken 24 times
  • The average score is 5 of 6

Answer Stats

Nearest CityDistance (km)Isolated City% Correct
Adelaide2,130Perth
100%
Sydney2,156Auckland
87%
San Francisco3,850Honolulu
83%
La Paz1,080Lima
78%
Belém1,290Manaus
74%
Lilongwe1,560Antananarivo
52%

Score Distribution

Percentile by Number Answered

Percent of People with Each Score

Your Score History

You have not taken this quiz